000 00241nam a2200097Ia 4500
001 851268
005 20250826174453.0
008 250824s9999 xx 000 0 und d
245 0 _aŞIK
_cHÜSEYİN RAHMİ GÜRPINAR
260 _bÖZGÜR YAYINLARI
999 _c851268
_d851268